Sladká jako hřích /

Hlavní autor: Drake, Shannon, 1953-
Další autoři: Vlčková, Jana, 1973-
Jazyk: Čeština
Vydáno: Ostrava : Domino, 2011
Vydání: Vyd. 2.
Témata:
Fyzický popis: 331 s. ; 21 cm
Knihy
Uloženo v:
LEADER 01233nam a2200373 a 4500
001 nkc20112201341
003 CZ PrNK
005 20260526235005.0
007 ta
008 110713s2011 xr g 000 f cze
015 |a cnb002201341 
020 |a 978-80-7303-647-8  |q (váz.) 
035 |a (OCoLC)757677498 
040 |a BOA001  |b cze  |d ABA001 
041 1 |a cze  |h eng 
072 7 |a 821.111(73)-3  |x Americká próza  |2 Konspekt  |9 25 
080 |a 821.111(73)-31  |2 MRF 
080 |a (0:82-312.5)  |2 MRF 
100 1 |a Drake, Shannon,  |d 1953-  |7 jn20000400535  |4 aut 
245 1 0 |a Sladká jako hřích /  |c Shannon Drake ; [z anglického originálu ... přeložila Jana Vlčková] 
250 |a Vyd. 2. 
260 |a Ostrava :  |b Domino,  |c 2011 
300 |a 331 s. ;  |c 21 cm 
655 7 |a americké romány  |7 fd131796  |2 czenas 
655 7 |a milostné romány  |7 fd132840  |2 czenas 
655 9 |a American fiction  |2 eczenas 
655 9 |a love novels  |2 eczenas 
700 1 |a Vlčková, Jana,  |d 1973-  |7 mzk2003184700  |4 trl 
765 0 |t No other woman  |9 Česky 
910 2 |a BOA001  |b 2-1268.875 
990 |a BK 
995 |a 01 
991 |b 201109  |e b 
996 6 |b 2610487152  |c 2-1268.875  |l MZK  |r Sklad / do 1 hodiny  |n 0  |p p.v.  |w 001199223  |u 000010  |a 1  |e BOA001  |j MZK50  |s P